[Event "France - Open A"]
[Site "Chartres"]
[Date "2019.08.20"]
[Round "4.34"]
[White "Saya, Ethan"]
[Black "Gautier, Joel"]
[Result "1-0"]
[WhiteElo "2068"]
[BlackElo "1975"]
[PlyCount "91"]
[EventDate "2019.08.??"]
[EventType "swiss"]
[EventRounds "9"]
[EventCountry "FRA"]
[WhiteTeam "Echiquier Grenoblois"]
[BlackTeam "Ass des joueurs d'Echecs du Barreau de Paris"]

1. e4 e6 2. d4 d5 3. Nc3 Nf6 4. e5 Nfd7 5. f4 c5 6. Nf3 Nc6 7. Be3 Rb8 8. Qd2
Qa5 9. Be2 b5 10. O-O b4 11. Nd1 Ba6 12. Nf2 Bxe2 13. Qxe2 Be7 14. Rfd1 O-O 15.
Nd3 Rfc8 16. Qf2 c4 17. Nde1 Nb6 18. g4 Na4 19. Rdb1 Qb5 20. f5 exf5 21. gxf5
f6 22. Qg3 Kh8 23. e6 g6 24. Ng2 gxf5 25. Kf2 Rg8 26. Qf4 Rg4 27. Qxf5 Rbg8 28.
Nf4 Nd8 29. Rg1 Rxg1 30. Rxg1 Rxg1 31. Kxg1 Nb6 32. Nh4 Qe8 33. Kf2 Qg8 34.
Nhg6+ hxg6 35. Nxg6+ Kg7 36. Nxe7 Qxe6 37. Qg6+ Kf8 38. Nf5 Nf7 39. h4 Nc8 40.
Bh6+ Nxh6 41. Qxh6+ Kf7 42. Qh7+ Kf8 43. Qh8+ Qg8 44. Qxf6+ Ke8 45. Qc6+ Kd8
46. Qxc8+ 1-0

[Event "France - Open A"]
[Site "Chartres"]
[Date "2019.08.20"]
[Round "4.35"]
[White "Destic, Pablo"]
[Black "Dube, Dimitri"]
[Result "1/2-1/2"]
[WhiteElo "1989"]
[BlackElo "2056"]
[PlyCount "121"]
[EventDate "2019.08.??"]
[EventType "swiss"]
[EventRounds "9"]
[EventCountry "FRA"]
[WhiteTeam "l'Echiquier Toulousain"]
[BlackTeam "Echiquier Tourangeau"]

1. e4 c6 2. Nc3 d5 3. Nf3 Bg4 4. h3 Bxf3 5. Qxf3 Nf6 6. e5 Nfd7 7. d4 e6 8. Bf4
c5 9. dxc5 Bxc5 10. Qg3 Qb6 11. Bb5 O-O 12. O-O Bd4 13. Bd3 Nc6 14. Rae1 Qxb2
15. Bh6 g6 16. Bxf8 Rxf8 17. Ne2 Bxe5 18. f4 Bg7 19. Rb1 Qxa2 20. Rxb7 Nc5 21.
Rbb1 Rc8 22. Qe3 Na5 23. c3 Nc4 24. Bxc4 Qxc4 25. Rb4 Qd3 26. Qxd3 Nxd3 27. Ra4
Rc7 28. Rfa1 Bxc3 29. R1a3 d4 30. Nxd4 Nb2 31. Nb5 Nxa4 32. Nxc7 Bd4+ 33. Kf1
Nc3 34. Ke1 Kf8 35. Ra6 Ke7 36. Kd2 Ne4+ 37. Kd3 Nc5+ 38. Kxd4 Nxa6 39. Nxa6
Kd6 40. Nc5 f6 41. Ne4+ Ke7 42. Kc5 h6 43. Nd6 a6 44. g3 g5 45. f5 a5 46. g4 a4
47. Nc4 h5 48. Kb4 exf5 49. gxf5 g4 50. hxg4 hxg4 51. Kxa4 g3 52. Ne3 Kd6 53.
Kb4 Ke5 54. Kc3 Ke4 55. Kd2 Kf3 56. Kd3 g2 57. Nxg2 Kxg2 58. Ke2 Kg3 59. Ke3
Kg4 60. Ke4 Kg5 61. Ke3 1/2-1/2

[Event "France - Open A"]
[Site "Chartres"]
[Date "2019.08.20"]
[Round "4.36"]
[White "Gourbiere, Yohan"]
[Black "Fruteau, Sabine"]
[Result "1-0"]
[WhiteElo "2040"]
[BlackElo "1968"]
[PlyCount "33"]
[EventDate "2019.08.??"]
[EventType "swiss"]
[EventRounds "9"]
[EventCountry "FRA"]
[WhiteTeam "Echecs Club Montpellier"]
[BlackTeam "Orcher la Tour"]

1. e4 e5 2. Nf3 Nc6 3. Nc3 d6 4. Bb5 Bd7 5. d4 exd4 6. Nxd4 Nf6 7. Bxc6 bxc6 8.
Qf3 Be7 9. e5 dxe5 10. Nxc6 Bxc6 11. Qxc6+ Kf8 12. Be3 Rb8 13. Rd1 Qe8 14. Qxc7
Kg8 15. O-O Bb4 16. Nd5 Nxd5 17. Rxd5 1-0

[Event "France - Open A"]
[Site "Chartres"]
[Date "2019.08.20"]
[Round "4.37"]
[White "Trabet, Mathis"]
[Black "Galloux, Maxime"]
[Result "1-0"]
[WhiteElo "1989"]
[BlackElo "2039"]
[PlyCount "113"]
[EventDate "2019.08.??"]
[EventType "swiss"]
[EventRounds "9"]
[EventCountry "FRA"]
[WhiteTeam "Echecs Club de Corbas"]
[BlackTeam "Tour Blanche Echecs"]

1. e4 c6 2. d4 d5 3. Nd2 dxe4 4. Nxe4 Bf5 5. Ng3 Bg6 6. f4 e6 7. Nf3 Bd6 8. Bd3
Qc7 9. Ne5 Ne7 10. O-O Bxd3 11. Qxd3 O-O 12. Ne4 h6 13. Be3 Nd7 14. c4 Rad8 15.
Qc3 Nf5 16. Bf2 Be7 17. Rad1 Nf6 18. Nxf6+ Bxf6 19. Rfe1 h5 20. Qf3 g6 21. Re2
Rd6 22. Red2 Rfd8 23. Rd3 Kg7 24. Qe4 a5 25. Be1 Ra8 26. Bc3 Rdd8 27. d5 cxd5
28. cxd5 exd5 29. Rxd5 Rxd5 30. Rxd5 Qb6+ 31. Kh1 h4 32. g4 hxg3 33. Rd7 Rh8
34. Rxf7+ Kg8 35. Rf8+ Kg7 36. Rxh8 Qf2 37. Qxb7+ Ne7 38. Qg2 Kxh8 39. Qxf2
gxf2 40. Kg2 Kh7 41. Kxf2 Nd5 42. Bd2 g5 43. Nd3 gxf4 44. Bxa5 Kg6 45. Kf3 Kf5
46. Bd2 Bd4 47. b3 Bg1 48. Nxf4 Nf6 49. h4 Ne4 50. Be1 Bh2 51. Ne2 Ke5 52. Kg2
Bf4 53. Nxf4 Kxf4 54. b4 Ke5 55. Kf3 Kd5 56. h5 Nf6 57. h6 1-0

[Event "France - Open A"]
[Site "Chartres"]
[Date "2019.08.20"]
[Round "4.38"]
[White "Derouineau, Jacques"]
[Black "Radoman, Emmanuel"]
[Result "1-0"]
[WhiteElo "2037"]
[BlackElo "1956"]
[PlyCount "117"]
[EventDate "2019.08.??"]
[EventType "swiss"]
[EventRounds "9"]
[EventCountry "FRA"]
[WhiteTeam "C'Chartres Echecs"]
[BlackTeam "Nice Alekhine"]

1. e4 d6 2. Nc3 Nf6 3. g3 g6 4. Bg2 Bg7 5. d3 O-O 6. Nge2 c5 7. O-O Nc6 8. f4
e6 9. h3 Rb8 10. g4 a6 11. Ng3 Qc7 12. Nce2 Re8 13. c3 b5 14. f5 b4 15. Bf4 Nd7
16. Qd2 Nde5 17. Bh6 f6 18. Bxg7 Qxg7 19. fxe6 Bxe6 20. Nf4 Qe7 21. Nd5 Bxd5
22. exd5 Na7 23. Rae1 bxc3 24. bxc3 Qf8 25. Ne4 Nd7 26. c4 Kg7 27. Qc3 Re5 28.
Rf2 Qe7 29. Ref1 Rf8 30. Qa5 f5 31. gxf5 Rexf5 32. Qxa6 Rxf2 33. Rxf2 Rxf2 34.
Kxf2 Ne5 35. Ke3 Nf7 36. a4 Kh6 37. a5 Qh4 38. Ke2 Qe7 39. Qb6 Nc8 40. Qb2 Ne5
41. a6 Qd7 42. Nxc5 dxc5 43. Qxe5 Qa4 44. Qe3+ Kg7 45. Qxc5 Qc2+ 46. Ke3 Qxg2
47. Qxc8 Qg1+ 48. Kd2 Qf2+ 49. Kc3 Qe1+ 50. Kb3 Qb1+ 51. Ka4 Qxd3 52. Qc7+ Kh6
53. a7 Qc2+ 54. Kb5 Qb3+ 55. Kc5 Qa3+ 56. Kc6 Qa6+ 57. Kd7 Qa4+ 58. Kd8 Qa6 59.
d6 1-0

[Event "France - Open A"]
[Site "Chartres"]
[Date "2019.08.20"]
[Round "4.39"]
[White "Haberthur, Maxime"]
[Black "Corgeron, Jean-Luc"]
[Result "0-1"]
[WhiteElo "1985"]
[BlackElo "2036"]
[PlyCount "78"]
[EventDate "2019.08.??"]
[EventType "swiss"]
[EventRounds "9"]
[EventCountry "FRA"]
[WhiteTeam "Echiquier Clermontois Arverne - ECA"]
[BlackTeam "Club Avenir St Georges Section Echecs "]

1. e4 g6 2. d4 Bg7 3. Nc3 d6 4. Be3 Nf6 5. f3 c6 6. Qd2 h5 7. O-O-O b5 8. Kb1
b4 9. Nce2 a5 10. Nf4 Na6 11. e5 Nd5 12. e6 Bxe6 13. Nxe6 fxe6 14. Nh3 Bf6 15.
Bg5 Nac7 16. Bd3 Rg8 17. Be4 Rb8 18. Ka1 a4 19. Bxf6 exf6 20. Qh6 f5 21. Qh7
Kf8 22. Qh6+ Rg7 23. Ng5 Kg8 24. Bxd5 cxd5 25. Rde1 Qf6 26. Rd1 a3 27. Rhe1 e5
28. Rd3 axb2+ 29. Kxb2 e4 30. fxe4 dxe4 31. Rdd1 Nb5 32. Rf1 Nxd4 33. Kc1 Ne2+
34. Kd2 Nc3 35. Rde1 Qd4+ 36. Kc1 Nxa2+ 37. Kb1 Nc3+ 38. Kb2 Na4+ 39. Kb1 Qb2#
0-1

[Event "France - Open A"]
[Site "Chartres"]
[Date "2019.08.20"]
[Round "4.40"]
[White "Kantzer, Romain"]
[Black "Rasolo, Loick"]
[Result "1-0"]
[WhiteElo "2034"]
[BlackElo "1965"]
[PlyCount "83"]
[EventDate "2019.08.??"]
[EventType "swiss"]
[EventRounds "9"]
[EventCountry "FRA"]
[WhiteTeam "Bischwiller"]
[BlackTeam "Marseille Passion Echecs"]

1. d4 Nf6 2. Bf4 c5 3. e3 Qb6 4. Na3 Qxb2 5. Nb5 Nd5 6. a3 Na6 7. Rb1 Qa2 8.
Rb3 d6 9. Qc1 Nxf4 10. Nc3 Qxb3 11. cxb3 Ne6 12. Bb5+ Bd7 13. Bxd7+ Kxd7 14. d5
Nec7 15. Nf3 h6 16. O-O g6 17. e4 Bg7 18. Re1 Rhe8 19. Qd2 e5 20. Rb1 b5 21.
Qe2 Rab8 22. Nd2 Ke7 23. Na2 Kf8 24. Rc1 Kg8 25. h4 Rf8 26. h5 Rbd8 27. Qg4 f5
28. Qxg6 Rf6 29. Qg3 fxe4 30. Nxe4 Rf4 31. Qg6 Ne8 32. Rc3 Nac7 33. Rg3 Rd7 34.
Nac3 Rdf7 35. f3 b4 36. axb4 cxb4 37. Ne2 R4f5 38. Qxh6 Nxd5 39. Qd2 Nf4 40. h6
Nh5 41. Rg6 Kh7 42. hxg7 1-0

[Event "France - Open A"]
[Site "Chartres"]
[Date "2019.08.20"]
[Round "4.41"]
[White "Herault, Theotime"]
[Black "Emmenecker, Pierre-Antoine"]
[Result "0-1"]
[WhiteElo "1980"]
[BlackElo "2021"]
[PlyCount "77"]
[EventDate "2019.08.??"]
[EventType "swiss"]
[EventRounds "9"]
[EventCountry "FRA"]
[WhiteTeam "Echecs Club de Corbas"]
[BlackTeam "Issy-Les-Moulineaux"]

1. d4 d5 2. c4 e6 3. Nc3 c5 4. cxd5 exd5 5. Nf3 Nc6 6. g3 Nf6 7. Bg2 Be7 8. O-O
O-O 9. Bg5 c4 10. b3 Qa5 11. Bd2 Bb4 12. Qc2 b5 13. a3 Bxc3 14. Bxc3 Qc7 15.
bxc4 bxc4 16. Nd2 Be6 17. e4 Ne7 18. Bb4 Rfd8 19. Rae1 Rac8 20. Qc3 Nc6 21. e5
Ne8 22. f4 Qd7 23. Nf3 Nc7 24. Qa1 Nb5 25. Bc5 Na5 26. Nh4 Nb3 27. Qd1 Bg4 28.
Bf3 Bxf3 29. Rxf3 Nxc5 30. dxc5 d4 31. f5 d3 32. Rf4 Nc3 33. Qh5 d2 34. Nf3
dxe1=Q+ 35. Nxe1 Qd1 36. Qg5 h6 37. Qe7 Ne2+ 38. Kf1 Nxf4 39. gxf4 0-1

[Event "France - Open A"]
[Site "Chartres"]
[Date "2019.08.20"]
[Round "4.42"]
[White "Brouard, Gregoire"]
[Black "Anes, Emmanuel"]
[Result "0-1"]
[WhiteElo "1979"]
[BlackElo "2014"]
[PlyCount "92"]
[EventDate "2019.08.??"]
[EventType "swiss"]
[EventRounds "9"]
[EventCountry "FRA"]
[WhiteTeam "J.E.E.N."]
[BlackTeam "L'Echiquier du Lac Enghien"]

1. d4 Nf6 2. c4 Nc6 3. Nf3 e6 4. a3 d6 5. Nc3 g6 6. g3 Bg7 7. Bg2 O-O 8. O-O d5
9. cxd5 exd5 10. Bg5 h6 11. Bf4 a6 12. Ne5 Ne7 13. Qc1 Nf5 14. Rd1 g5 15. Be3
c6 16. f3 Nxe3 17. Qxe3 Re8 18. Qf2 Be6 19. b4 Nd7 20. Nd3 a5 21. Rab1 axb4 22.
axb4 Ra3 23. Rdc1 Bf5 24. e4 Bg6 25. Qe3 Nb6 26. e5 Nc4 27. Qe2 Qb6 28. Nc5
Rxc3 29. Rxc3 Bxb1 30. Rb3 Bf5 31. g4 Be6 32. h4 Qa7 33. Qd3 b6 34. Nxe6 fxe6
35. hxg5 hxg5 36. Qg6 Qe7 37. Bf1 Nd2 38. Ra3 Nxf1 39. Kxf1 Rf8 40. Kg2 Qxb4
41. Qxe6+ Kh7 42. Ra2 Qxd4 43. Re2 Qf4 44. Kg1 Qg3+ 45. Rg2 Qe1+ 46. Kh2 Bxe5+
0-1

[Event "France - Open A"]
[Site "Chartres"]
[Date "2019.08.20"]
[Round "4.43"]
[White "Calvo, Dylan"]
[Black "Chartier, Antoine"]
[Result "1-0"]
[WhiteElo "1975"]
[BlackElo "2013"]
[PlyCount "65"]
[EventDate "2019.08.??"]
[EventType "swiss"]
[EventRounds "9"]
[EventCountry "FRA"]
[WhiteTeam "Echiquier Tressois"]
[BlackTeam "Le Petit-Roque de Sèvres-Ville d'Avray"]

1. d4 Nf6 2. c4 c5 3. d5 e6 4. Nc3 exd5 5. cxd5 d6 6. e4 g6 7. Nf3 Bg7 8. Be2
O-O 9. O-O Bg4 10. Qb3 Qe7 11. h3 Bxf3 12. Bxf3 a6 13. a4 h6 14. Bf4 Nbd7 15.
Rfe1 Ne5 16. Be2 Nfd7 17. Bh2 g5 18. Qc2 Ng6 19. Nd1 Rfe8 20. Ne3 Nde5 21. Nf5
Qc7 22. Rac1 Rac8 23. b3 Kh7 24. Nxg7 Kxg7 25. Qc3 Qe7 26. g3 Qf6 27. Rf1 Nd7
28. Bg4 Nge5 29. Bf5 Rc7 30. f4 Ng6 31. Qd2 Kg8 32. g4 Nh4 33. fxg5 1-0

[Event "France - Open A"]
[Site "Chartres"]
[Date "2019.08.20"]
[Round "4.44"]
[White "Gueriche, Guillaume"]
[Black "Dubuisson, Samuel"]
[Result "0-1"]
[WhiteElo "1950"]
[BlackElo "1996"]
[PlyCount "82"]
[EventDate "2019.08.??"]
[EventType "swiss"]
[EventRounds "9"]
[EventCountry "FRA"]
[WhiteTeam "Lyon Olympique Echecs"]
[BlackTeam "Amicale Laique de Molinghem"]

1. b3 d5 2. Bb2 Bg4 3. h3 Bh5 4. Nf3 Bxf3 5. exf3 Nf6 6. Bb5+ c6 7. Be2 g6 8.
O-O Bg7 9. Re1 O-O 10. Bf1 Re8 11. f4 c5 12. Qf3 e6 13. d3 Nc6 14. c4 Nh5 15.
Bxg7 Kxg7 16. g4 Nd4 17. Qe3 Nc2 18. Qe5+ Nf6 19. Re2 Nd4 20. Re3 Kg8 21. Na3
Nd7 22. Qd6 Nb6 23. Qxc5 Qf6 24. Qd6 dxc4 25. g5 Nf3+ 26. Rxf3 Qxa1 27. Nc2 Qd1
28. Ne3 Qxf3 29. Ng4 Qxg4+ 30. hxg4 Rad8 31. Qe5 cxd3 32. Bxd3 Rxd3 33. f5 Rd5
34. Qe4 gxf5 35. gxf5 Rxf5 36. Qxb7 Rxg5+ 37. Kf1 Ra5 38. a4 h5 39. f4 Rd8 40.
Qe7 Rd4 41. Qf6 Rxf4+ 0-1

[Event "France - Open A"]
[Site "Chartres"]
[Date "2019.08.20"]
[Round "4.45"]
[White "Bourges, Jerome"]
[Black "Afraoui, Solenn"]
[Result "0-1"]
[WhiteElo "1962"]
[BlackElo "1974"]
[PlyCount "84"]
[EventDate "2019.08.??"]
[EventType "swiss"]
[EventRounds "9"]
[EventCountry "FRA"]
[WhiteTeam "USAM Echiquier Brestois"]
[BlackTeam "U.S.Villejuif Echecs"]

1. d4 Nf6 2. c4 e6 3. Nc3 Bb4 4. f3 d5 5. a3 Bxc3+ 6. bxc3 c6 7. Qc2 dxc4 8. e4
b5 9. Nh3 Nbd7 10. e5 Nd5 11. Ng5 h6 12. Ne4 O-O 13. Be2 N7b6 14. O-O f5 15.
Nd6 f4 16. g3 Bd7 17. Kh1 Nc8 18. Ne4 Nce7 19. gxf4 Nxf4 20. Nf6+ Rxf6 21. exf6
Ned5 22. Bxf4 Nxf4 23. fxg7 Qf6 24. Qe4 Qf5 25. Rae1 Nd5 26. Z0 Qxe4 27. fxe4
Nxc3 28. Bh5 a5 29. Rf7 Be8 30. Rf8+ Kxg7 31. Rxe8 Rxe8 32. Bxe8 b4 33. axb4
axb4 34. e5 b3 35. Rg1+ Kf8 36. Bg6 Ne2 37. Rg2 Nxd4 38. Rg3 Nf5 39. Bxf5 exf5
40. e6 b2 41. e7+ Kxe7 42. Rg1 c3 0-1

[Event "France - Open A"]
[Site "Chartres"]
[Date "2019.08.20"]
[Round "4.46"]
[White "Peltrault, Frederic"]
[Black "Venard, Gautier"]
[Result "1-0"]
[WhiteElo "2101"]
[BlackElo "1968"]
[PlyCount "117"]
[EventDate "2019.08.??"]
[EventType "swiss"]
[EventRounds "9"]
[EventCountry "FRA"]
[WhiteTeam "La tour de Juvisy"]
[BlackTeam "Vandoeuvre-Echecs"]

1. b3 d5 2. Nf3 c5 3. e3 Nf6 4. Bb2 e6 5. Bb5+ Bd7 6. Bxd7+ Nbxd7 7. c4 Be7 8.
O-O O-O 9. Nc3 Rc8 10. Qe2 Qc7 11. Rac1 Ne5 12. cxd5 exd5 13. Nxd5 Nxf3+ 14.
Qxf3 Nxd5 15. Qxd5 Rfd8 16. Qc4 h6 17. Rfd1 Qc6 18. a4 Rd6 19. d3 Rcd8 20. Rc2
Rg6 21. e4 b6 22. f3 Bg5 23. d4 Be3+ 24. Kh1 Qf6 25. d5 Qh4 26. Be5 Rg5 27. Qe2
Rxe5 28. Qxe3 f5 29. g3 Qe7 30. Re2 h5 31. h4 Re8 32. Rde1 Qd8 33. Qd3 f4 34.
Kg2 fxg3 35. f4 R5e7 36. Qxg3 Qd6 37. Qf3 Qf6 38. e5 Qxh4 39. Rh1 Qg4+ 40. Qxg4
hxg4 41. d6 Rd7 42. Rd1 g6 43. e6 Rdd8 44. e7 Rd7 45. Kg3 Kf7 46. Kxg4 Kf6 47.
Rd5 a6 48. f5 g5 49. Re6+ Kf7 50. Kxg5 Rh8 51. Rh6 Rg8+ 52. Rg6 Rh8 53. Re5 Ke8
54. Kg4 Kf7 55. Kf3 Rc8 56. Rh6 Kg7 57. Ree6 Re8 58. Reg6+ Kf7 59. Rh7# 1-0

[Event "France - Open A"]
[Site "Chartres"]
[Date "2019.08.20"]
[Round "4.47"]
[White "Delboe, Charles"]
[Black "Schweitzer, Olaf"]
[Result "1-0"]
[WhiteElo "1965"]
[BlackElo "2065"]
[PlyCount "65"]
[EventDate "2019.08.??"]
[EventType "swiss"]
[EventRounds "9"]
[EventCountry "FRA"]
[WhiteTeam "C.E. Neuville-en-Ferrain"]
[BlackTeam "Championnat de France 2019"]

1. d4 d5 2. Nc3 Nf6 3. Bf4 a6 4. e3 Bf5 5. f3 e6 6. g4 Bg6 7. h4 h5 8. g5 Nfd7
9. Bd3 Bxd3 10. Qxd3 c5 11. g6 f6 12. Bxb8 Rxb8 13. Nge2 Bd6 14. Nf4 Qe7 15.
Nce2 Bxf4 16. Nxf4 Qd6 17. O-O-O b5 18. Rhe1 c4 19. Qd2 b4 20. e4 c3 21. Qe3
Nb6 22. exd5 cxb2+ 23. Kb1 Nxd5 24. Nxd5 Qxd5 25. Qxe6+ Qxe6 26. Rxe6+ Kd7 27.
Rde1 Rhg8 28. Rxa6 Rb5 29. Re4 Rf5 30. f4 Rd5 31. Kxb2 Rf8 32. Ra7+ Kc6 33.
Rxg7 1-0

[Event "France - Open A"]
[Site "Chartres"]
[Date "2019.08.20"]
[Round "4.48"]
[White "Guillerm, Mischa"]
[Black "Leccia, Antoine"]
[Result "1/2-1/2"]
[WhiteElo "1960"]
[BlackElo "1969"]
[PlyCount "80"]
[EventDate "2019.08.??"]
[EventType "swiss"]
[EventRounds "9"]
[EventCountry "FRA"]
[WhiteTeam "U.S. Orléans.Echecs"]
[BlackTeam "Corsica Chess Club"]

1. e4 e6 2. d4 d5 3. Nd2 Nf6 4. e5 Nfd7 5. Bd3 c5 6. c3 Nc6 7. Ne2 cxd4 8. cxd4
f6 9. Nf3 fxe5 10. Ng5 Nf6 11. dxe5 Nxe5 12. Bb5+ Nc6 13. Qa4 Bd7 14. O-O Bd6
15. Bf4 e5 16. Bg3 h6 17. Nf3 O-O 18. Nc3 a6 19. Be2 Nd4 20. Qd1 Nxe2+ 21. Qxe2
Bg4 22. Bxe5 Re8 23. Bxf6 Qxf6 24. Qd3 Bxf3 25. Qxf3 Qxf3 26. gxf3 d4 27. Ne4
Be5 28. Rfd1 Rf8 29. Kg2 Rf7 30. Rac1 Re8 31. b3 g5 32. h3 Ree7 33. Rc5 Kh7 34.
Rd3 Kg6 35. a4 h5 36. Nd2 Rf4 37. Nc4 Bg7 38. Nd6 Re2 39. Nxb7 g4 40. hxg4 hxg4
1/2-1/2

[Event "France - Open A"]
[Site "Chartres"]
[Date "2019.08.20"]
[Round "4.49"]
[White "Hernandez, Lara"]
[Black "Arnaud, Aurelien"]
[Result "0-1"]
[WhiteElo "1965"]
[BlackElo "2160"]
[PlyCount "80"]
[EventDate "2019.08.??"]
[EventType "swiss"]
[EventRounds "9"]
[EventCountry "FRA"]
[WhiteTeam "Echiquier Agenais"]
[BlackTeam "L'Echiquier Châlonnais"]

1. e4 e5 2. Nf3 Nc6 3. Bc4 Nf6 4. d3 Be7 5. O-O O-O 6. Re1 d6 7. a4 Na5 8. Ba2
c5 9. c3 Nc6 10. Na3 a6 11. h3 h6 12. Bd2 Rb8 13. Nc2 Re8 14. b4 cxb4 15. cxb4
b5 16. axb5 axb5 17. Ne3 Bf8 18. Qb1 Be6 19. Rc1 Qd7 20. Bxe6 fxe6 21. Ra6 Nd4
22. Nxd4 exd4 23. Nc2 e5 24. Qb3+ Kh8 25. Na3 Kh7 26. Rac6 d5 27. f4 dxe4 28.
fxe5 Nd5 29. e6 Rxe6 30. Rxe6 Qxe6 31. dxe4 Qxe4 32. Re1 Qf5 33. Rf1 Qe4 34.
Re1 Ne3 35. Bxe3 dxe3 36. Nc2 e2 37. Kf2 Re8 38. Kg1 Bd6 39. Qc3 Re6 40. Nd4
Be5 0-1

[Event "France - Open A"]
[Site "Chartres"]
[Date "2019.08.20"]
[Round "4.50"]
[White "Prevot, Rodolphe"]
[Black "Serralta, Michel"]
[Result "0-1"]
[WhiteElo "1933"]
[BlackElo "2103"]
[PlyCount "66"]
[EventDate "2019.08.??"]
[EventType "swiss"]
[EventRounds "9"]
[EventCountry "FRA"]
[WhiteTeam "A.A.J. Blois"]
[BlackTeam "USAM Echiquier Brestois"]

1. Nf3 g6 2. g3 Bg7 3. Bg2 e5 4. d3 d6 5. c4 Nc6 6. Nc3 f5 7. Rb1 h6 8. Bd2 Nf6
9. b4 O-O 10. O-O a6 11. a4 a5 12. bxa5 Nxa5 13. Ne1 c6 14. Nc2 Be6 15. Be3 Nd7
16. Bd2 Qc7 17. Nb4 Nf6 18. Qc2 Qf7 19. Be3 g5 20. Bb6 Nd7 21. Bxa5 Rxa5 22.
Nbd5 cxd5 23. cxd5 Rxd5 24. Nxd5 Bxd5 25. Qc7 Bxg2 26. Kxg2 Nc5 27. Qxd6 Ne6
28. Rb6 Re8 29. Rfb1 Bf8 30. Qxe5 Nf4+ 31. gxf4 Rxe5 32. fxe5 Qd5+ 33. Kg1 Qxe5
0-1

[Event "France - Open A"]
[Site "Chartres"]
[Date "2019.08.20"]
[Round "4.51"]
[White "De Lussac, Estephe"]
[Black "Logie, Marc"]
[Result "1/2-1/2"]
[WhiteElo "1993"]
[BlackElo "1980"]
[PlyCount "68"]
[EventDate "2019.08.??"]
[EventType "swiss"]
[EventRounds "9"]
[EventCountry "FRA"]
[WhiteTeam "Lille Université Club Echiquier du Nord"]
[BlackTeam "Club d'Echecs du Vesinet"]

1. e4 d6 2. d4 Nf6 3. Nc3 Nbd7 4. Nf3 e5 5. Bc4 Be7 6. O-O O-O 7. Re1 c6 8. a4
a5 9. Bd3 Re8 10. Ne2 Qc7 11. Ng3 Bf8 12. c3 d5 13. Nxe5 Nxe5 14. dxe5 Qxe5 15.
Bd2 Bd7 16. h3 Rad8 17. f4 Bc5+ 18. Kf1 Qc7 19. e5 Ne4 20. Bxe4 dxe4 21. Nxe4
Be7 22. Qf3 Be6 23. f5 Bc4+ 24. Kg1 Qxe5 25. Qg4 h5 26. Qf4 Qxf4 27. Bxf4 Bf8
28. Bc7 Rc8 29. Bxa5 Bd3 30. Nf2 Bxf5 31. b4 Bd6 32. Bb6 Bg3 33. Bd4 Be6 34.
Re2 Bxf2+ 1/2-1/2

[Event "France - Open A"]
[Site "Chartres"]
[Date "2019.08.21"]
[Round "5.7"]
[White "Derige Kane, Yan"]
[Black "Tarin, Nicolas"]
[Result "1-0"]
[WhiteElo "2156"]
[BlackElo "2073"]
[PlyCount "65"]
[EventDate "2019.08.??"]
[EventType "swiss"]
[EventRounds "9"]
[EventCountry "FRA"]
[WhiteTeam "Marseille Passion Echecs"]
[BlackTeam "Le Cavalier Noir d'Arras"]

1. e4 c5 2. Nf3 e6 3. c3 Nf6 4. e5 Nd5 5. d4 cxd4 6. Nxd4 d6 7. exd6 Bxd6 8.
Be2 O-O 9. O-O a6 10. Nd2 Qc7 11. h3 e5 12. N4f3 Nb6 13. Ne4 Be7 14. Be3 Nc4
15. Bxc4 Qxc4 16. Nd6 Qc7 17. Nxc8 Rxc8 18. Qb3 Nd7 19. Rad1 Nf6 20. Bb6 Qb8
21. Rfe1 Bd6 22. Rd2 Rc6 23. Red1 Nd7 24. Be3 Qc7 25. Ng5 Rf8 26. Ne4 Nc5 27.
Bxc5 Bxc5 28. Rd7 Qc8 29. Qxb7 h6 30. R1d5 Re8 31. Rxc5 Rxc5 32. Nxc5 Qxc5 33.
Rxf7 1-0

[Event "France - Open A"]
[Site "Chartres"]
[Date "2019.08.21"]
[Round "5.8"]
[White "Bernard, Jacques"]
[Black "Frantz, Nicolas"]
[Result "1/2-1/2"]
[WhiteElo "2140"]
[BlackElo "2045"]
[PlyCount "71"]
[EventDate "2019.08.??"]
[EventType "swiss"]
[EventRounds "9"]
[EventCountry "FRA"]
[WhiteTeam "Evry Grand Roque"]
[BlackTeam "Vandoeuvre-Echecs"]

1. e4 c5 2. Nf3 Nc6 3. d4 cxd4 4. Nxd4 Nf6 5. Nc3 d6 6. Bg5 e6 7. Qd2 a6 8.
O-O-O Bd7 9. f3 Be7 10. h4 h6 11. Be3 h5 12. Kb1 Ne5 13. Bg5 b5 14. a3 Rb8 15.
f4 Nc4 16. Bxc4 bxc4 17. e5 Qb6 18. b3 d5 19. exf6 gxf6 20. f5 fxg5 21. Rhe1
cxb3 22. Nxb3 Kf8 23. hxg5 Bxa3 24. fxe6 Bxe6 25. Qf4 d4 26. Rxe6 Qxe6 27.
Qxb8+ Kg7 28. Qg3 dxc3 29. Qxc3+ Kh7 30. Rh1 Qg6 31. g4 Kg8 32. gxh5 Rxh5 33.
Rxh5 Qxh5 34. Qc8+ Bf8 35. Qd8 Qh1+ 36. Kb2 1/2-1/2

[Event "France - Open A"]
[Site "Chartres"]
[Date "2019.08.21"]
[Round "5.9"]
[White "Haie, Arnaud"]
[Black "Grandy, Aurelien"]
[Result "1/2-1/2"]
[WhiteElo "2130"]
[BlackElo "2032"]
[PlyCount "81"]
[EventDate "2019.08.??"]
[EventType "swiss"]
[EventRounds "9"]
[EventCountry "FRA"]
[WhiteTeam "Cavalier de l'Espérance Cercle J.J. Paur"]
[BlackTeam "Avinkha Club d'Echecs"]

1. d4 Nf6 2. c4 g6 3. Nc3 d5 4. cxd5 Nxd5 5. Bd2 Bg7 6. e4 Nxc3 7. Bxc3 c5 8.
d5 Bxc3+ 9. bxc3 Qa5 10. Qd2 O-O 11. Nf3 Nd7 12. Bd3 c4 13. Bc2 Nc5 14. O-O Rd8
15. Ne5 Nd7 16. Nxc4 Qc7 17. Qd4 b6 18. Rfd1 Ba6 19. Bd3 Bxc4 20. Bxc4 Ne5 21.
Be2 Rac8 22. Ba6 Rb8 23. Be2 Rbc8 24. Rac1 Nc4 25. g3 b5 26. f4 Qa5 27. Bg4 Rc7
28. Qf2 Nd6 29. Qe3 Qxa2 30. e5 Nc4 31. Qd4 Qa3 32. Ra1 Qc5 33. Bf3 a5 34. h4
a4 35. h5 Ne3 36. d6 exd6 37. Qxc5 Rxc5 38. Rd3 Nc2 39. Rad1 gxh5 40. exd6 a3
41. Bd5 1/2-1/2

[Event "France - Open A"]
[Site "Chartres"]
[Date "2019.08.21"]
[Round "5.10"]
[White "Droin, Augustin"]
[Black "Kieffer, Anatole"]
[Result "1-0"]
[WhiteElo "2128"]
[BlackElo "1973"]
[PlyCount "61"]
[EventDate "2019.08.??"]
[EventType "swiss"]
[EventRounds "9"]
[EventCountry "FRA"]
[WhiteTeam "Nomad' Echecs"]
[BlackTeam "Evry Grand Roque"]

1. e4 d5 2. exd5 Qxd5 3. Nc3 Qd6 4. Bc4 Nf6 5. Nge2 c6 6. d4 Bf5 7. Bf4 Qd8 8.
f3 e6 9. g4 Bg6 10. Qd2 Bd6 11. g5 Nd5 12. Bxd6 Qxd6 13. Ne4 Qc7 14. h4 Nd7 15.
h5 Bf5 16. N4g3 Ne7 17. Nxf5 Nxf5 18. O-O-O O-O-O 19. Bd3 Ne7 20. g6 e5 21.
gxf7 Rdf8 22. Bc4 Kb8 23. Qg5 Nb6 24. Bb3 exd4 25. Nxd4 Ned5 26. Ne6 Qxf7 27.
Bxd5 Nxd5 28. Qe5+ Ka8 29. c4 Nf6 30. Nc7+ Kb8 31. Ne8+ 1-0

[Event "France - Open A"]
[Site "Chartres"]
[Date "2019.08.21"]
[Round "5.11"]
[White "Robert, Yoann"]
[Black "Nguyen-Cadoret, Nathan"]
[Result "1/2-1/2"]
[WhiteElo "1966"]
[BlackElo "2122"]
[PlyCount "81"]
[EventDate "2019.08.??"]
[EventType "swiss"]
[EventRounds "9"]
[EventCountry "FRA"]
[WhiteTeam "Club d'Echecs de Sautron"]
[BlackTeam "Cercle d'Echecs de Villepinte"]

1. b3 d5 2. Bb2 c5 3. e3 Nc6 4. Bb5 Nf6 5. Nf3 Bg4 6. h3 Bh5 7. g4 Bg6 8. Ne5
Rc8 9. h4 d4 10. f3 Qd6 11. exd4 cxd4 12. Qe2 Nd5 13. Nc4 Qf4 14. d3 h5 15.
Nbd2 a6 16. Bxc6+ Rxc6 17. O-O-O Nc3 18. Qe5 Qxe5 19. Nxe5 Nxd1 20. Kxd1 Rd6
21. Ndc4 Rd5 22. Nxg6 fxg6 23. Nb6 Rd6 24. Nc4 Rd5 25. Nb6 Rd6 26. Nc4 Rf6 27.
g5 Rxf3 28. Ne5 Rf5 29. Re1 e6 30. Nxg6 Rg8 31. Bxd4 Bc5 32. Bxc5 Rxc5 33.
Rxe6+ Kf7 34. Nf4 Re8 35. Rb6 Rf5 36. Rxb7+ Re7 37. Rxe7+ Kxe7 38. Nxh5 g6 39.
Nf6 Rf1+ 40. Ke2 Rh1 41. a4 1/2-1/2